| 000 | 01540cam a22004217a 4500 | ||
|---|---|---|---|
| 003 | CHAP | ||
| 005 | 20220817043912.0 | ||
| 008 | 030806s2003 mx a r 00010 spa d | ||
| 010 | _a87515 | ||
| 011 | _a88487 | ||
| 035 | _a99032 | ||
| 040 | _cCHAP | ||
| 090 | _aTesis | ||
| 100 | 0 | 0 |
_aBadillo Ponce, Guadalupe. _99369 |
| 245 | 1 | 0 |
_aCaracterización de Phytophthora ipomoeae flier & Grünwald en Valles Altos de México _c/por Guadalupe Badillo Ponce |
| 260 |
_aChapingo, Méx. : _bEl autor, _c2003. |
||
| 300 |
_a38 p. ; _bilus. |
||
| 502 | _aTesis (Ing. Agr. Esp. en Parasitología Agrícola) -- UACH. Departamento de Parasitología Agrícola | ||
| 530 | _aTambién disponible en línea | ||
| 590 |
_aALEPH _b10 _c20130110 _lUCH01 _h1455 |
||
| 590 |
_aBATCH-UPD _b10 _c20130110 _lUCH01 _h0458 |
||
| 590 |
_aBATCH-UPD _b10 _c20130410 _lUCH01 _h0136 |
||
| 590 |
_aBATCH-UPD _b10 _c20130914 _lUCH01 _h0520 |
||
| 590 |
_aBATCH-UPD _b10 _c20140324 _lUCH01 _h1440 |
||
| 590 |
_aBATCH-UPD _b10 _c20141002 _lUCH01 _h0819 |
||
| 590 |
_aBATCH _b00 _c20181121 _lUCH01 _h0758 |
||
| 590 |
_aCONVERSION _b10 _c20130109 _lUCH01 _h1349 |
||
| 650 | 1 | 4 |
_aHongos fitopatógenos. _956132 |
| 650 | 1 | 4 |
_aIpomoea. _960315 |
| 650 | 1 | 4 | _aPhytophthora ipomoeae. |
| 856 |
_2Finding aid _uhttp://10.13.5.2/tesis/99032.pdf _zTeclea aqui |
||
| 856 |
_a1 _n0000692 |
||
| 901 | _aBK | ||
| 905 | _aMayto Villalobos S. | ||
| 942 | _cFOLL | ||
| 949 |
_aTesis _bBC _cTES _d33724000899266 _eTS2 _fc.2 _h41164 _i99032 _sb |
||
| 949 |
_aTesis _bBC _cTES _d99032123 _eTS1 _h41163 _i99032 _sb |
||
| 999 |
_c87515 _d87515 |
||